| 000 | 00707 a2200169 4500 | ||
|---|---|---|---|
| 003 | Nust | ||
| 005 | 20221220114613.0 | ||
| 040 | _cNust | ||
| 082 | _a621.384.LYT | ||
| 100 |
_aLytel, Allan H _9105324 |
||
| 245 |
_aTwo-way radio / _cAllan H Lytel, |
||
| 260 |
_aNew York _bMcGraw-Hill _c1959 |
||
| 300 | _a291 p. illus. 24 cm. | ||
| 505 | _aAn Introduction to Two-Way Radio (Page-7), Principle of Modulation (Page-26), FM Transmitters (Page-49), FM Receivers (Page-86), AM Transmitters and Receivers (Page-133), Antennas (Page-153), Selective Calling (Page-180), Power Supplies (Page-202), Installation (Page-214), Test Equipment (Page-232), Servicing (Page-255). | ||
| 650 | _aRadio | ||
| 942 |
_2ddc _cBK |
||
| 999 |
_c193456 _d193456 |
||